Loading...
| Arts - Music | 5 | 8.00 | 80% | 0% | 0% |
| Arts - Other Arts | 3 | 16.67 | 100% | 33% | 33% |
| Arts - Painting | 5 | 14.00 | 100% | 20% | 20% |
| History - American | 1 | 20.00 | 100% | 100% | 0% |
| History - American History | 5 | 14.00 | 100% | 40% | 0% |
| History - European | 2 | 10.00 | 50% | 0% | 50% |
| History - Other History | 2 | 15.00 | 50% | 50% | 50% |
| History - World | 1 | 20.00 | 100% | 100% | 0% |
| History - World History | 2 | 15.00 | 100% | 0% | 50% |
| Literature - American Lit | 3 | 10.00 | 100% | 0% | 0% |
| Literature - British Lit | 7 | 10.00 | 86% | 0% | 14% |
| Literature - European Lit | 2 | 10.00 | 100% | 0% | 0% |
| Literature - World | 1 | 20.00 | 100% | 100% | 0% |
| Literature - World Lit | 7 | 18.57 | 100% | 57% | 29% |
| Mythology | 4 | 10.00 | 100% | 0% | 0% |
| Other - Geo/CE | 8 | 23.75 | 100% | 63% | 75% |
| Other Academic | 5 | 16.00 | 100% | 40% | 20% |
| Pop Culture | 4 | 10.00 | 75% | 0% | 25% |
| Religion | 4 | 15.00 | 75% | 75% | 0% |
| Science - Biology | 3 | 10.00 | 67% | 33% | 0% |
| Science - Chemistry | 4 | 20.00 | 100% | 75% | 25% |
| Science - Other Science | 3 | 10.00 | 100% | 0% | 0% |
| Science - Physics | 4 | 10.00 | 75% | 25% | 0% |
| Thought - Philosophy | 1 | 10.00 | 100% | 0% | 0% |
| Thought - Social Science | 4 | 10.00 | 100% | 0% | 0% |